000
00195 a2200097 4500
020
_a
9780545562706
041
_a
spa
100
_a
Galan ana
245
_a
Mas cosas que dice mi abuela
942
_c
BK
999
_c
10861
_d
10861